| 000 | 01621nam0a2200325 4500 | ||
|---|---|---|---|
| 001 | RU\NLR\bibl\496551 | ||
| 005 | 20260407111724.0 | ||
| 021 |
_aRU _b2003-73596 _93645 |
||
| 035 | _a(NLR Aleph) 000489176 | ||
| 090 |
_a1102583 _c1102583 |
||
| 100 | _a20040303d2002 |||y0rusy50 ca | ||
| 101 | 1 |
_arus _ceng |
|
| 102 | _aRU | ||
| 105 | _ay ||||||||| | ||
| 200 | 1 |
_aПроблемы социализации _eПо кн. Дэвида Уоррена "Слепота и раннее детское развитие" _fРос. гос. б-ка для слепых _gРеф. пер. [с англ. яз. Л.И. Солнцевой _gРед. М.В. Лебедева] |
|
| 210 |
_aМ. _cРГБС _d2002 |
||
| 215 |
_a72 с. _d20 |
||
| 320 | _aБиблиогр.: с. 72 и в подстроч. примеч. | ||
| 604 |
_1700#1$aУоррен$bД.$gДэвид$4070 _150010$aСлепота и раннее детское развитие$2psbo _aУоррен, Дэвид _tСлепота и раннее детское развитие |
||
| 606 | 0 |
_aСлепые дети _xПсихологические исследования _91343875 _3RU\NLR\auth\66245574 |
|
| 606 | 0 |
_aСлепые дети _xСоциализация _92325600 _3RU\NLR\auth\661391052 |
|
| 686 | _aЮ948.23 | ||
| 686 | _aС550.325.2 | ||
| 702 | 1 |
_aЛебедева _bМ. В. _4340 |
|
| 712 | 0 | 2 |
_4570 _aРоссийская государственная библиотека для слепых _9374967 _3RU\NLR\AUTH\889940066 |
| 801 | 0 |
_aRU _bNLR _c20040303 _gPSBO |
|
| 801 | 1 |
_aRU _bNLR _c20040303 |
|
| 942 | _cBOOK | ||
| 980 | _aNB | ||